01751nab a2200241 ab450000500170000000800410001700300010005804000350005910000300009410000280012424501130015250600190026552008840028465300220116865300190119065300320120965300180124165300130125965300180127277301000129085600570139085600620144720260702135509.0260604b2025 sp tr poo| 0 0 spa d aMX-MxUPNbspacMX-MxUPNeaacr21 aLara de la Fuente, Daniel1 aArias Maldonado, Manuel11aImaginarios sociales y transición ecológica :bel plan España 2050h[recurso electrónico en línea]0 aAcceso abierto3 aSi la sostenibilidad medioambiental juega un papel creciente en la agenda política de la Unión Europea, el plan España 2050, publicado en el año 2021, fijó las bases discursivas de la España sostenible. Este artículo elucida cuál es ese ideal. Para ello, recurrimos al análisis del discurso: rastreamos la presencia en el texto de las categorías, conceptos y metáforas que componen un relato acerca de las causas y las soluciones de los problemas de sostenibilidad. Los resultados sugieren una visión ecléctica de la sostenibilidad. El documento es favorable al ideal discursivo reformista, si bien establece pautas de restricción de la actividad humana correspondientes a discursos medioambientales survivalistas y decrecentistas. En términos prácticos, este eclecticismo discursivo supone una concepción pluralista de la sostenibilidad. cREIS aImaginario social aSostenibilidad aModernización ecológica aEcomodernismo aDiscurso aDecrecimiento gNo. 193 (2025), p. 70-88tREIS: revista española de investigaciones sociológicasx1988-59034 uhttps://reis.cis.es/index.php/reis/article/view/25134 uhttps://reis.cis.es/index.php/reis/article/view/2513/3073